| 000 | 00458nam a22001817a 4500 | ||
|---|---|---|---|
| 003 | OSt | ||
| 005 | 20180116183024.0 | ||
| 008 | 151202b xxu||||| |||| 00| 0 eng d | ||
| 020 | _a9780586062715 | ||
| 040 | _c0 | ||
| 082 | _a813.54 ANT 1985 | ||
| 100 |
_aPiers Anthony _dBio of a Space Tyrant Vol. 4 |
||
| 245 |
_aExecutive _cPiers Anthony |
||
| 260 |
_aLondon _bGrafton Books _c1985 |
||
| 300 |
_a336 p. _bPB |
||
| 440 | _aExecutive | ||
| 942 |
_2ddc _cBK |
||
| 999 |
_c350698 _d350698 |
||